IMF study explores issues related to capital account liberalization.

Poznatky štúdie MMF skúmajúcej dôsledky zníženej efektívnosti kontroly kapitálu, strednodobé prínosy a náklady otvorených účtov kapitálu, ako aj nástroje politiky na podporenie a udržiavanie konvertibility kapitálových účtov. Dôvody rozsiahleho úniku kapitálu zo 14 zadlžených krajín. Druhy reštrikci...

ver descrição completa

Na minha lista:
Detalhes bibliográficos
Formato: Capítulo de Livro
Idioma:inglês
Assuntos:
Tags: Adicionar Tag
Sem tags, seja o primeiro a adicionar uma tag!

MARC

LEADER 00000naa a2200000 4500
001 r009306
005 20220913122340.1
041 0 |a eng 
044 |a US 
245 1 0 |a IMF study explores issues related to capital account liberalization. 
520 |a Poznatky štúdie MMF skúmajúcej dôsledky zníženej efektívnosti kontroly kapitálu, strednodobé prínosy a náklady otvorených účtov kapitálu, ako aj nástroje politiky na podporenie a udržiavanie konvertibility kapitálových účtov. Dôvody rozsiahleho úniku kapitálu zo 14 zadlžených krajín. Druhy reštrikcií v transakciách účtov kapitálu uplatňované v priemyselných a rozvojových krajinách, v období r. 1975-1990. 
610 2 0 |a účty 
610 2 0 |a kapitál 
610 2 0 |a Medzinárodný menový fond 
610 2 0 |a liberalizácia 
610 2 0 |a kontrola finančná 
610 2 0 |a konvertibilita 
610 2 0 |a 1975-1990 
610 2 0 |a efektívnosť